000
00270nam a2200109Ia 4500
008
220204s9999 xx 000 0 und d
082
_a
339.5
_b
SHO
100
_a
SHONE, R
245
0
_a
Pure theory of international trade
260
_a
London
_b
Macmillan
_c
1972
942
_c
BK
999
_c
28192
_d
28192